| 000 | 00918nam a2200289 a 4500 | ||
|---|---|---|---|
| 001 | BRCA_8164 | ||
| 005 | 20190320210147.0 | ||
| 008 | 060514s1952----fr-a###f##---#000-0#fre-# | ||
| 041 | _afre | ||
| 044 | _afr | ||
| 050 | 4 |
_aN6754 _b.M8 _c1952 |
|
| 245 | 1 | 0 |
_aLe Musée de Bâle _bde Holbein a Picasso _cpreface par Georg Schmidt ; traduction de Maurice Muller-Strauss. |
| 260 |
_aFrancia _bS.A.P.H.O. _c1952 |
||
| 300 |
_a1 v. _bil. a color _c32 cm. |
||
| 440 | 0 |
_aArt et Style _n22 _920345 |
|
| 500 | _aX66 | ||
| 546 | _aTexto en: francés y alemán | ||
| 600 | 1 | 4 |
_aHolbein, Hans _d1497-1543 _910385 |
| 600 | 1 | 4 |
_aPicasso, Pablo _d1881-1973 _94496 |
| 650 | 1 | 4 |
_aArte _vExposiciones _96285 |
| 650 | 1 | 4 |
_aArte _vCronología _920346 |
| 650 | 1 | 4 |
_aArte _vColeccionistas y colecciones _915108 |
| 700 | 1 |
_aSchmidt, Georg _ePref. _920347 |
|
| 700 | 1 |
_aMuller-Strauss, Maurice _etr. _920348 |
|
| 902 | _aGFM | ||
| 942 |
_2lcc _cB |
||
| 999 |
_c7832 _d7832 |
||